Invierno
Gespeichert in:
| Körperschaft: | |
|---|---|
| Format: | Buch |
| Sprache: | Spanisch |
| Veröffentlicht: |
Santiago
Prensas de la Universidad de Chile
1945
|
| Ausgabe: | 1a. ed |
| Schriftenreihe: | Revista de la Sociedad de Escritores de Chile, 3
|
| Schlagworte: | |
| Tags: |
Tag hinzufügen
Keine Tags, Fügen Sie den ersten Tag hinzu!
|
MARC
| LEADER | 00000nam a2200000 a 4500 | ||
|---|---|---|---|
| 001 | UCJ8535 | ||
| 003 | CL-VaPUC | ||
| 008 | 070124e19450000CL |||||||||||||||||spa|d | ||
| 082 | 0 | 4 | |a Ch860 |b SOC |2 21 |
| 110 | 2 | |a Sociedad de Escritores de Chile |e author |9 517315 | |
| 245 | 1 | 0 | |a Invierno |
| 250 | |a 1a. ed | ||
| 300 | |a 94 p | ||
| 942 | |c BK | ||
| 945 | |d 20070124 00:00:00 |a rinostro | ||
| 260 | |a Santiago |b Prensas de la Universidad de Chile |c 1945 | ||
| 500 | |a Aunque se trata de una revista, se ha ingresado como monografía por tratarse de un número suelto de una publicación discontinuada | ||
| 600 | 0 | 7 | |a UGARTE, MANUEL |2 CL-VaPUC |9 517316 |
| 600 | 0 | |a Ostria Gutiérrez, Alberto, |d 1897-1967 |9 517317 | |
| 600 | 0 | 7 | |a CRUCHAGA SANTA MARIA, ANGEL |2 CL-VaPUC |9 352821 |
| 650 | 0 | |a Poesía |9 265825 | |
| 650 | 0 | |a Cuento |9 316426 | |
| 650 | 0 | |a Crítica literaria |9 269189 | |
| 583 | |a last modification |c 20070124 00:00:00 |k Rodrigo Vera | ||
| 490 | 0 | |a Revista de la Sociedad de Escritores de Chile, 3 | |
| 999 | |c 324208 |d 324206 | ||
| 952 | |0 0 |1 0 |4 0 |6 CH_860_000000000000000_SOC_1945 |7 0 |8 X |9 404177 |a FDOBUD |b FDOBUD |d 2019-11-22 |i 1079328 |o Ch860 SOC 1945 |p 1079328 |r 2019-11-22 |w 2019-11-22 |y BK_X |k BUD | ||